000
00332nam a22001457a 4500
008
221202b ||||| |||| 00| 0 eng d
020
_a
9780393679533
041
_a
eng
080
_2
FIFTH EDITION
_a
573
082
_a
573ALB
100
_a
16.2
101
_a
BIOLO
245
_a
ESSENTIAL CELL BIOLOGY
_c
ALBERTS
942
_2
udc
_c
BK
999
_c
59076
_d
59076